Principles of Operations Management (Record no. 347443)
[ view plain ]
| 000 -LEADER | |
|---|---|
| fixed length control field | 00311nam a2200109Ia 4500 |
| 008 - FIXED-LENGTH DATA ELEMENTS--GENERAL INFORMATION | |
| fixed length control field | 171205s9999 xx 000 0 und d |
| 020 ## - INTERNATIONAL STANDARD BOOK NUMBER | |
| International Standard Book Number | 9781635493801 |
| 100 ## - MAIN ENTRY--PERSONAL NAME | |
| Personal name | Miller, Finn. |
| 245 ## - TITLE STATEMENT | |
| Statement of responsibility, etc | Finn Miller |
| Title | Principles of Operations Management |
| 260 ## - PUBLICATION, DISTRIBUTION, ETC. (IMPRINT) | |
| Name of publisher, distributor, etc | Larsen and Keller Education |
| Date of publication, distribution, etc | 2017 |
| 300 ## - PHYSICAL DESCRIPTION | |
| Extent | 293 pages |
| Withdrawn status | Lost status | Damaged status | Home library | Current library | Shelving location | Date acquired | Source of acquisition | Total Checkouts | Total Renewals | Full call number | Barcode | Date last seen | Date checked out | Price effective from | Koha item type |
|---|---|---|---|---|---|---|---|---|---|---|---|---|---|---|---|
| College Library | College Library | Reserve Section | 12/05/2017 | Library Fund | 7 | 10 | TS 155 .M647 2017 | c21084 | 10/24/2022 | 10/14/2022 | 12/05/2017 | Books |